000 01290cam a2200349 a 4500
001 28288
003 BD-RjUL
005 20211209051248.0
008 1403 t1989 coua b 000 0 eng d
020 _a081337538X (alk. paper) :
035 _a(BD-RjUL)28369
040 _aDLC
_cDLC
_dDLC
_dBD-RjUL
_beng
041 _aeng
082 0 0 _a979.01
_220
_bSOC 1989
245 0 4 _aThe Sociopolitical structure of prehistoric Southwestern societies /
_cedited by Steadman Upham, Kent G. Lightfoot, and Roberta A. Jewett.
260 _aBoulder :
_bWestview Press,
_c1989.
300 _axxvi, 682 p. :
_bill. ;
_c23 cm.
504 _aIncludes bibliographiy
650 0 _aIndians of North America
_zSouthwest, New
_xAntiquities.
_986631
650 0 _aPueblo Indians
_xAntiquities.
_986632
650 0 _aIndians of North America
_zSouthwest, New
_xPolitics and government.
_986633
650 0 _aPueblo Indians
_xPolitics and government.
_986634
651 0 _aSouthwest, New
_xAntiquities.
_986635
653 _aComplex societies.
700 1 _aUpham, Steadman.
_986636
700 1 _aLightfoot, Kent G.,
_d1953-
_986637
700 1 _aJewett, Roberta A.
_986638
942 _2ddc
_cBK
999 _c28288
_d28288